000 00810nam a2200241 a 4500
001 000106964
003 AM-YEHGA
005 20250617122327.0
008 950720s1985 ru ||||| |||| 00| 0 rus d
020 _c
040 _aAM-YeHGA
041 0 _arus
100 1 _aТимофеева, Елена Константиновна
245 1 0 _aКосуля /
_cЕ. К. Тимофеева.
260 _aЛенинград :
_bЛГУ,
_c1985.
300 _a224 с. :
_bил. ;
_c22 см.
440 0 _aЖизнь наших птиц и зверей
500 _aВ надзаг.: ЛГУ им. А. А. Жданова
650 1 4 _aКосули
710 2 _aЛенинградский государственный университет им. А. А. Жданова
942 _2udc
_cBK
090 _c35445
999 _c34928
_d34928